00662nam a2200181Ia 4500008004100000020001500041041000800056050002300064100002700087245008600114260005000200300002100250650004700271650001800318949000900336952011800345999001700463200917s9999||||xx |||||||||||||| ||und|| a0385015178 aeng aBS192.2b.A1 1964- aBrown, Raymond Edward  4aThe Anchor Bible: bThe Gospel according to John (I-XII) /cRaymond Edward Brown aGarden City, N.Y. : bDoubleday,c1966, c1964 a v.b ;c24 cm. aBible. N.T. John XIII-XXI -- Commentaries. aCommentaries. vv.29 00104070aGETSbGETScGENd2020-09-17l0oBS192.2 .A1 1964- v.29p00015018r2020-09-17 00:00:00w2020-09-17yBK c27739d27739